|
|
|
|
| LEADER |
01765nam a2200277 a 4500 |
| 001 |
GR-Patra16597 |
| 008 |
031216s1999 gr e 000 0 gre d |
| 040 |
|
|
|a GrPaTEI
|b gre
|c GR-PaULI
|
| 040 |
|
|
|a GrPaTEI
|b gre
|c GR-PaULI
|
| 082 |
|
0 |
|a 348.023
|2 21
|
| 245 |
0 |
0 |
|a Κώδικας φορολογικών κινήτρων :
|b με τις ερμηνευτικές λύσεις του Υπουργείου Οικονομικών και τη δικαστηριακή νομολογία.
|
| 250 |
|
|
|a 8η έκδ.
|
| 260 |
|
|
|a Αθήνα :
|b Πάμισος,
|c 1999
|
| 300 |
|
|
|a 654σ.
|
| 490 |
1 |
|
|a Κώδικες φορολογικής και εμπορικής νομοθεσίας. 6 / Επιμέλεια Χρήστου Ν. Τότση
|
| 500 |
|
|
|a Περιέχει συνοδευτικό έντυπο "Αφορολόγητο αποθεματικό Ν. 2601/1998"
|
| 650 |
|
4 |
|a ΚΩΔΙΚΕΣ
|
| 650 |
|
4 |
|a Φορολογία
|
| 710 |
0 |
|
|a Πάμισος
|
| 830 |
|
0 |
|1 00114355
|1 2001
|a Κώδικες φορολογικής & εμπορικής νομοθεσίας ;
|v 6
|
| 942 |
|
|
|2 ddc
|
| 952 |
|
|
|0 0
|1 0
|2 ddc
|4 0
|6 348_023000000000000_ΚΩΔ
|7 0
|9 296199
|a LISK
|b LISK
|c BSC
|d 2021-01-17
|e 24
|f 0
|g 0.00
|l 0
|o 348.023 ΚΩΔ
|p 92410015176
|r 2021-01-17 00:00:00
|t 1
|w 2021-01-17
|y BK15
|x 20031216 0 1
|x GrPaTEI
|
| 952 |
|
|
|0 0
|1 0
|2 ddc
|4 0
|6 348_023000000000000_ΚΩΔ
|7 0
|9 296200
|a LISK
|b LISK
|c BSC
|d 2021-01-17
|e 24
|f 0
|g 0.00
|l 0
|o 348.023 ΚΩΔ
|p 92410015177
|r 2021-01-17 00:00:00
|t 1
|w 2021-01-17
|y BK15
|x 20070320 0 1
|x GrPaTEI
|
| 952 |
|
|
|0 0
|1 0
|2 ddc
|4 0
|6 348_023000000000000_ΚΩΔ
|7 1
|9 296201
|a LISK
|b LISK
|c BSC
|d 2021-01-17
|e 24
|f 0
|g 0.00
|l 0
|o 348.023 ΚΩΔ
|p 92410015175
|r 2021-01-17 00:00:00
|t 1
|w 2021-01-17
|y BKN
|x 20060517 0 0
|x GrPaTEI
|
| 971 |
|
|
|a .b26641124
|b 16-04-20
|c 23-09-16
|
| 999 |
|
|
|c 172661
|d 172661
|